• 首页
  • 本馆介绍
  • 公告通知
  • 最新文献
  • 馆藏检索
  • 电子资源
  • 读者导购
  • 参考咨询
  • 我的图书馆
  • 登录
  • 详细信息显示
  • 放入我的书架
  • 预约/预借图书
  • 作者相关作品
  • 分类相关作品
  • 丛书相关作品
  • 出版社相关作品

书目信息

  • 表格格式
  • 工作单格式
  • 卡片格式
题名:
鸦片战争史实考
    
 
作者: 姚薇元 著
分册:  
出版信息: 北京   人民出版社  1984.7
页数: 186页
开本: 20cm
丛书名:
单 册:
中图分类: K253.06
科图分类:
主题词: 中国--历史--1840~1949
电子资源:
ISBN:
000 00613nam0 2200205 45
001 0312221749
005 20040506151849.0
010    @dCNY0.71
091    @a11001.654
100    @a20031222d1984 km y0chiy0120 ea
101    @achi
105    @a z 000yy
200 1  @a鸦片战争史实考@AYa Pian Zhan Zheng Shi Shi Kao@f姚薇元著@FYao Wei Yuan Zhu@e魏源<<道光洋艘征抚记>>考订
210    @a北京@c人民出版社@d1984.7
215    @a186页@d20cm
606 0  @a中国@x历史@z1840~1949
690    @aK253.06@v3
701 0  @a姚薇元@4著
801    @aCN@bTSTCL@c20031222
905    @dK253.06@e2@f3@b258626-628@f2@b121145-146
    
    鸦片战争史实考/姚薇元著:魏源<<道光洋艘征抚记>>考订.-北京:人民出版社,1984.7
    186页;20cm
    
    
    ISBN :CNY0.71
    
●
相关链接 在E读中查询图书 在五车中查询图书 在当当中查询图书 在豆瓣中查询图书


正题名:鸦片战争史实考     索取号:K253.06/2         预约/预借

序号 登录号 条形码 馆藏地/架位号 状态 备注
1 0121145   000362477   第二借阅区/ [索取号:K253.06/2] 在馆    
2 0121146   000362486   第二借阅区/ [索取号:K253.06/2] 在馆    
3 0121147   000362468   第二样本阅览室/ [索取号:K253.06/2] 在馆    
4 0258626   000362413   第二借阅区/ [索取号:K253.06/2] 在馆    
5 0258627   000362422   第二借阅区/ [索取号:K253.06/2] 在馆    
6 0258628   000362431   第二借阅区/ [索取号:K253.06/2] 在馆    
唐山师范学院图书馆 欢迎您!
大连网信软件有限公司© 版权所有